{"text_format":"1","workbook":"xlsx","n_sheets":5,"sheets":["ORÇAMENTO","CRONOGRAMA","BDI","ADM","COMPOSIÇÕES"],"not_rendered":{"charts":0,"images":0,"macros":1,"external_links":0,"defined_names":16,"comments":0,"pivot_tables":0},"unopened":[],"bounds":{"document_bytes":16777216,"sheet_cells":100000,"rows_first":2000,"rows_last":500,"rows_between":2000,"halvings":0,"cell_chars":16384,"cell_head_chars":4096},"cells_cut":0,"cells_raw":0,"read":"whole","date_system":"1900"}

{"sheet":"ORÇAMENTO","index":0,"n_rows":119,"n_cols":22,"rows_kept":119,"cut":false,"hidden":false,"merged":[[21,13,21,15],[37,13,37,15],[41,13,41,15],[45,13,45,15],[79,13,79,14],[83,13,83,14],[92,13,92,14],[97,13,97,14],[102,13,102,14],[105,13,105,14],[107,13,107,14],[110,13,110,14],[112,13,112,14]]}
[]
[]
[]
[]
[]
[]
[]
[]
[]
[]
[]
[]
[null,null,null,null,null,null,null,null,null,null,null,null,"TODOS OS VALORES ESTÃO NA UNIDADE MONETÁRIA REAL"]
[null,null,null,null,null,null,null,null,null,null,null,null,"ITEM ","SERVIÇO ","UN","QUANT.","VALOR \n(S/ BDI)","BDI","VALOR \n(C/ BDI)","VALOR TOTAL","CÓDIGO ","FONTE"]
[null,null,null,null,null,null,null,null,null,null,null,null,"1","ADMINISTRAÇÃO LOCAL",null,null,null,null,"∑ ",1946.54]
[null,null,null,null,null,null,null,null,null,null,null,null,"1.1","Administração Local","UN",1,1557.23,0.25,1946.54,1946.54,"CED001","COMPOSIÇÃO"]
[null,null,null,null,null,null,null,null,null,null,null,null,"2","INSTALAÇÕES ELÉTRICAS",null,null,null,null,"∑ ",55775.26]
[null,null,null,null,null,null,null,null,null,null,null,null,"2.1","Ramal de Ligação"]
[null,null,null,null,null,null,null,null,null,null,null,null,"2.1.1","Cabo Multiplexado XLPE 1 KV- 50mm2  aluminio (Ramal d eligação aéreo)","m",15,52.24,0.25,65.3,979.5,"CEL508","COMPOSIÇÃO"]
[null,null,null,null,null,null,null,null,null,null,null,null,"2.1.2","Conector para cabo 50mm2","UN",2,25.86,0.25,32.33,64.66,104753,"SINAPI-C"]
[null,null,null,null,null,null,null,null,null,null,null,null,"2.1.3","Poste de concreto 9/300dan","UN    ",1,1155,0.25,1443.75,1443.75,5033,"sinapi"]
[null,null,null,null,null,null,null,null,null,null,null,null,"2.2","Ramal de Entrada"]
[null,null,null,null,null,null,null,null,null,null,null,null,"2.2.1","Cabo de Cobre Isolado 35mm2 - 1KV  ","M",36,33.98,0.25,42.48,1529.28,92986,"SINAPI-C"]
[null,null,null,null,null,null,null,null,null,null,null,null,"2.2.2","Eletroduto Fe galvanizado- 2\"  ","m",7,89.5,0.25,111.88,783.16,"CEL500","COMPOSIÇÃO"]
[null,null,null,null,null,null,null,null,null,null,null,null,"2.3","Mureta (0,75cm x 1,90m)  com pingadeira"]
[null,null,null,null,null,null,null,null,null,null,null,null,"2.3.1","Alvenaria de Tijolos Cerâmicos Furados, e=14cm  (17cm acabada)","M2",3.8,168.36,0.25,210.45,799.71,103334,"SINAPI-C"]
[null,null,null,null,null,null,null,null,null,null,null,null,"2.3.2","Chapisco","M2",3.99,4.88,0.25,6.1,24.34,87879,"SINAPI-C"]
[null,null,null,null,null,null,null,null,null,null,null,null,"2.3.3","Emboço/Reboco (Massa Única)","M2",3.99,42.16,0.25,52.7,210.27,89173,"SINAPI-C"]
[null,null,null,null,null,null,null,null,null,null,null,null,"2.3.4","Caixa de Proteção para Medidor Trifásico (fornecimento e instalação)","UN    ",1,329.4,0.25,411.75,411.75,"CEL050","COMPOSIÇÃO"]
[null,null,null,null,null,null,null,null,null,null,null,null,"2.3.5","Disjuntor Tripolar 125A - (Fornecimento e Instalação)","UN",1,414.15,0.25,517.69,517.69,101895,"SINAPI-C"]
[null,null,null,null,null,null,null,null,null,null,null,null,"2.3.6","Disjuntor de Proteção Contra Raios (DPS), 275V - 45KA (fornecimento e instalação)","UN    ",4,104.93,0.25,131.16,524.64,"CEL017","COMPOSIÇÃO"]
[null,null,null,null,null,null,null,null,null,null,null,null,"2.3.7","Eletroduto PVC Rígido - 1\" ","M",2,19.24,0.25,24.05,48.1,91872,"SINAPI-C"]
[null,null,null,null,null,null,null,null,null,null,null,null,"2.3.8","Eletroduto Fe galvanizado- 2\" (fornecimento, escavação, assentamento e reaterro)","m",7,89.5,0.25,111.88,783.16,"CEL500","COMPOSIÇÃO"]
[null,null,null,null,null,null,null,null,null,null,null,null,"2.3.9","Caixa de Passagem 65x41x70 em alvenaria (PADRÃO CELESC) (fornecimento e instalação)","UN    ",1,491.38,0.25,614.23,614.23,"CEL010","COMPOSIÇÃO"]
[null,null,null,null,null,null,null,null,null,null,null,null,"2.3.10","Tampa de Ferro Fundido, 65x41cm (fornecimento e instalação) ","UN",1,373.51,0.25,466.89,466.89,101798,"SINAPI-C"]
[null,null,null,null,null,null,null,null,null,null,null,null,"2.3.11","Haste de Aterramento em Aço de 2,4m e Ø5/8\"","UN",1,71.8,0.25,89.75,89.75,96985,"SINAPI-C"]
[null,null,null,null,null,null,null,null,null,null,null,null,"2.3.12","Cabo de Cobre Isolado 16mm2 -  terra","M",3,14.53,0.25,18.16,54.48,92982,"SINAPI-C"]
[null,null,null,null,null,null,null,null,null,null,null,null,"2.4","Ramal de Saída"]
[null,null,null,null,null,null,null,null,null,null,null,null,"2.4.1","Cabo de Cobre Isolado 35mm2 - 1KV  ","M",36,33.98,0.25,42.48,1529.28,92986,"SINAPI-C"]
[null,null,null,null,null,null,null,null,null,null,null,null,"2.4.2","Cabo de Cobre Isolado 16mm2 -  terra","M",3,14.53,0.25,18.16,54.48,92982,"SINAPI-C"]
[null,null,null,null,null,null,null,null,null,null,null,null,"2.4.3","Eletroduto Fe galvanizado- 2\"  ","m",7,89.5,0.25,111.88,783.16,"CEL500","COMPOSIÇÃO"]
[null,null,null,null,null,null,null,null,null,null,null,null,"2.5","Ramal de Carga até pontalete"]
[null,null,null,null,null,null,null,null,null,null,null,null,"2.5.1","Conector para cabo 50mm2","UN",2,25.86,0.25,32.33,64.66,104753,"SINAPI-C"]
[null,null,null,null,null,null,null,null,null,null,null,null,"2.5.2","Cabo Multiplexado XLPE 1 KV- 50mm2 - alumínio","m",6,52.24,0.25,65.3,391.8,"CEL508","COMPOSIÇÃO"]
[null,null,null,null,null,null,null,null,null,null,null,null,"2.5.3","Pontalete de aço galvanizado 3\"","M     ",4,109.06,0.25,136.33,545.32,7694,"sinapi"]
[null,null,null,null,null,null,null,null,null,null,null,null,"2.6","Ramal de Carga do pontalete ate Q.D. Geral"]
[null,null,null,null,null,null,null,null,null,null,null,null,"2.6.1","Eletroduto PVC Rígido - 3\" ","M",7,44.31,0.25,55.39,387.73,93011,"SINAPI-C"]
[null,null,null,null,null,null,null,null,null,null,null,null,"2.6.2","Cabo de Cobre Isolado 35mm2 - 1KV  ","M",28,33.98,0.25,42.48,1189.44,92986,"SINAPI-C"]
[null,null,null,null,null,null,null,null,null,null,null,null,"2.6.3","Cabo de Cobre Isolado 16mm2 - 1KV para Aterramento","M",7,14.53,0.25,18.16,127.12,92982,"SINAPI-C"]
[null,null,null,null,null,null,null,null,null,null,null,null,"2.7","Quadro de Distribuição Geral a executar"]
[null,null,null,null,null,null,null,null,null,null,null,null,"2.7.1","Quadro de Distribuição de Energia para 24 Disjuntores Monopolares, com Barramento Trifasico e Neutro (Fornecimento e Instalação)","UN",1,547.11,0.25,683.89,683.89,101879,"SINAPI-C"]
[null,null,null,null,null,null,null,null,null,null,null,null,"2.7.2","Disjuntor Tripolar 125A - (Fornecimento e Instalação)","UN",1,414.15,0.25,517.69,517.69,101895,"SINAPI-C"]
[null,null,null,null,null,null,null,null,null,null,null,null,"2.7.3","Disjuntor Monopolar 16A (fornecimento e instalação)","UN",3,881.6,0.25,1102,3306,93654,"SINAPI-C"]
[null,null,null,null,null,null,null,null,null,null,null,null,"2.8","Quadro de Distribuição 01 a executar"]
[null,null,null,null,null,null,null,null,null,null,null,null,"2.8.1","Quadro de Distribuição de Energia para 30 Disjuntores Monopolares, com Barramento Trifasico e Neutro (Fornecimento e Instalação)","UN",1,630.68,0.25,788.35,788.35,101880,"SINAPI-C"]
[null,null,null,null,null,null,null,null,null,null,null,null,"2.8.2","Disjuntor Tripolar 125A - (Fornecimento e Instalação)","UN",1,414.15,0.25,517.69,517.69,101895,"SINAPI-C"]
[null,null,null,null,null,null,null,null,null,null,null,null,"2.8.3","Disjuntor Monopolar 10A (fornecimento e instalação)","UN",1,11.42,0.25,14.28,14.28,93653,"SINAPI-C"]
[null,null,null,null,null,null,null,null,null,null,null,null,"2.8.4","Disjuntor Monopolar 16A (fornecimento e instalação)","UN",3,12.19,0.25,15.24,45.72,93654,"SINAPI-C"]
[null,null,null,null,null,null,null,null,null,null,null,null,"2.8.5","Disjuntor Monopolar 20A (fornecimento e instalação)","UN",2,13.64,0.25,17.05,34.1,93655,"SINAPI-C"]
[null,null,null,null,null,null,null,null,null,null,null,null,"2.8.6","Disjuntor Tripolar 50A (fornecimento e instalação)","UN",2,98.95,0.25,123.69,247.38,93673,"SINAPI-C"]
[null,null,null,null,null,null,null,null,null,null,null,null,"2.8.7","Disjuntor Tripolar 70A (fornecimento e instalação)","UN",1,157.68,0.25,197.1,197.1,101894,"SINAPI-C"]
[null,null,null,null,null,null,null,null,null,null,null,null,"2.8.8","Cabo de Cobre Isolado 35mm2 - 1KV   (QD. Geral até QD1 a executar","M",6,33.98,0.25,42.48,254.88,92986,"SINAPI-C"]
[null,null,null,null,null,null,null,null,null,null,null,null,"2.8.9","Cabo de Cobre Isolado 16mm2 - 1KV para Aterramento","M",1.5,14.53,0.25,18.16,27.24,92982,"SINAPI-C"]
[null,null,null,null,null,null,null,null,null,null,null,null,"2.9","Quadro de Distribuição 01 existente"]
[null,null,null,null,null,null,null,null,null,null,null,null,"2.9.1","Disjuntor Monopolar 20A (fornecimento e instalação)","UN",1,13.64,0.25,17.05,17.05,93655,"SINAPI-C"]
[null,null,null,null,null,null,null,null,null,null,null,null,"2.9.2","Disjuntor Monopolar 32A (fornecimento e instalação)","UN",1,15.42,0.25,19.28,19.28,93657,"SINAPI-C"]
[null,null,null,null,null,null,null,null,null,null,null,null,"2.9.3","Disjuntor Tripolar 32A (fornecimento e instalação)","UN",1,79.5,0.25,99.38,99.38,93671,"SINAPI-C"]
[null,null,null,null,null,null,null,null,null,null,null,null,"2.9.4","Disjuntor Tripolar 40A (fornecimento e instalação)","UN",1,88.03,0.25,110.04,110.04,93672,"SINAPI-C"]
[null,null,null,null,null,null,null,null,null,null,null,null,"2.9.5","Disjuntor Tripolar 70A (fornecimento e instalação)","UN",1,157.68,0.25,197.1,197.1,101894,"SINAPI-C"]
[null,null,null,null,null,null,null,null,null,null,null,null,"2.9.6","Cabo de Cobre Isolado 16mm2 - 1KV   (QD1  a executar ate QD.1  existente )","M",104,14.53,0.25,18.16,1888.64,92982,"SINAPI-C"]
[null,null,null,null,null,null,null,null,null,null,null,null,"2.9.7","Cabo de Cobre Isolado 16mm2 - 1KV para Aterramento","M",26,14.53,0.25,18.16,472.16,92982,"SINAPI-C"]
[null,null,null,null,null,null,null,null,null,null,null,null,"2.10","Quadro de Distribuição 02 executar salas de aula"]
[null,null,null,null,null,null,null,null,null,null,null,null,"2.10.1","Quadro de Distribuição de Energia para 30 Disjuntores Monopolares, com Barramento Trifasico e Neutro (Fornecimento e Instalação)","UN",1,630.68,0.25,788.35,788.35,101880,"SINAPI-C"]
[null,null,null,null,null,null,null,null,null,null,null,null,"2.10.2","Disjuntor Monopolar 10A (fornecimento e instalação)","UN",2,11.42,0.25,14.28,28.56,93653,"SINAPI-C"]
[null,null,null,null,null,null,null,null,null,null,null,null,"2.10.3","Disjuntor Monopolar 16A (fornecimento e instalação)","UN",4,12.19,0.25,15.24,60.96,93654,"SINAPI-C"]
[null,null,null,null,null,null,null,null,null,null,null,null,"2.10.4","Disjuntor Monopolar 20A (fornecimento e instalação)","UN",5,13.64,0.25,17.05,85.25,93655,"SINAPI-C"]
[null,null,null,null,null,null,null,null,null,null,null,null,"2.10.5","Disjuntor Tripolar 40A (fornecimento e instalação)","UN",1,88.03,0.25,110.04,110.04,93672,"SINAPI-C"]
[null,null,null,null,null,null,null,null,null,null,null,null,"2.10.6","Cabo de Cobre Isolado 10mm2 - 1KV   (QD1  a executar ate QD2 a executar )","M",204,9.17,0.25,11.46,2337.84,92980,"SINAPI-C"]
[null,null,null,null,null,null,null,null,null,null,null,null,"2.10.7","Cabo de Cobre Isolado 10mm2 - 1KV para Aterramento","M",51,9.17,0.25,11.46,584.46,92980,"SINAPI-C"]
[null,null,null,null,null,null,null,null,null,null,null,null,"2.11","Quadro de Distribuição 02 existente - Área de serviço"]
[null,null,null,null,null,null,null,null,null,null,null,null,"2.11.1","Disjuntor Monopolar 32A (fornecimento e instalação)","UN",1,15.42,0.25,19.28,19.28,93657,"SINAPI-C"]
[null,null,null,null,null,null,null,null,null,null,null,null,"2.11.2","Cabo de Cobre Isolado 6mm2 - 1KV   (QD1  existente ate QD2 existente na área de serviço)","M",44,9.51,0.25,11.89,523.16,91931,"SINAPI-C"]
[null,null,null,null,null,null,null,null,null,null,null,null,"2.11.3","Cabo de Cobre Isolado 6mm2 - 1KV para Aterramento","M",22,9.51,0.25,11.89,261.58,91931,"SINAPI-C"]
[null,null,null,null,null,null,null,null,null,null,null,null,"2.12","Quadro de Distribuição 03 executar salas de aula"]
[null,null,null,null,null,null,null,null,null,null,null,null,"2.12.1","Quadro de Distribuição de Energia para 30 Disjuntores Monopolares, com Barramento Trifasico e Neutro (Fornecimento e Instalação)","UN",1,630.68,0.25,788.35,788.35,101880,"SINAPI-C"]
[null,null,null,null,null,null,null,null,null,null,null,null,"2.12.2","Disjuntor Monopolar 10A (fornecimento e instalação)","UN",3,11.42,0.25,14.28,42.84,93653,"SINAPI-C"]
[null,null,null,null,null,null,null,null,null,null,null,null,"2.12.3","Disjuntor Monopolar 16A (fornecimento e instalação)","UN",2,12.19,0.25,15.24,30.48,93654,"SINAPI-C"]
[null,null,null,null,null,null,null,null,null,null,null,null,"2.12.4","Disjuntor Monopolar 20A (fornecimento e instalação)","UN",4,13.64,0.25,17.05,68.2,93655,"SINAPI-C"]
[null,null,null,null,null,null,null,null,null,null,null,null,"2.12.5","Disjuntor Monopolar 32A (fornecimento e instalação)","UN",1,15.42,0.25,19.28,19.28,93657,"SINAPI-C"]
[null,null,null,null,null,null,null,null,null,null,null,null,"2.12.6","Disjuntor Tripolar 40A (fornecimento e instalação)","UN",1,88.03,0.25,110.04,110.04,93672,"SINAPI-C"]
[null,null,null,null,null,null,null,null,null,null,null,null,"2.12.7","Cabo de Cobre Isolado 10mm2 - 1KV   (QD1  a executar ate QD3 a executar )","M",260,9.17,0.25,11.46,2979.6,92980,"SINAPI-C"]
[null,null,null,null,null,null,null,null,null,null,null,null,"2.12.8","Cabo de Cobre Isolado 10mm2 - 1KV para Aterramento","M",65,9.17,0.25,11.46,744.9,92980,"SINAPI-C"]
[null,null,null,null,null,null,null,null,null,null,null,null,"2.13","Quadro de Distribuição 03 existente segundo pavimento "]
[null,null,null,null,null,null,null,null,null,null,null,null,"2.13.1","Disjuntor Monopolar 20A (fornecimento e instalação)","UN",3,13.64,0.25,17.05,51.15,93655,"SINAPI-C"]
[null,null,null,null,null,null,null,null,null,null,null,null,"2.13.2","Disjuntor Tripolar 32A (fornecimento e instalação)","UN",1,79.5,0.25,99.38,99.38,93671,"SINAPI-C"]
[null,null,null,null,null,null,null,null,null,null,null,null,"2.13.3","Cabo de Cobre Isolado 6mm2 - 1KV   (QD1  existente ate QD3  existente no segundo pavimento)","M",20,9.51,0.25,11.89,237.8,91931,"SINAPI-C"]
[null,null,null,null,null,null,null,null,null,null,null,null,"2.13.4","Cabo de Cobre Isolado 6mm2 - 1KV para Aterramento","M",5,9.51,0.25,11.89,59.45,91931,"SINAPI-C"]
[null,null,null,null,null,null,null,null,null,null,null,null,"2.14","Quadro de Distribuição 04 existente no ginásio"]
[null,null,null,null,null,null,null,null,null,null,null,null,"2.14.1","Disjuntor Tripolar 40A (fornecimento e instalação)","UN",1,88.03,0.25,110.04,110.04,93672,"SINAPI-C"]
[null,null,null,null,null,null,null,null,null,null,null,null,"2.14.2","Cabo de Cobre Isolado 10mm2 - 1KV   (QD1  existente ate QD4  existente no ginásio)","M",112,9.17,0.25,11.46,1283.52,92980,"SINAPI-C"]
[null,null,null,null,null,null,null,null,null,null,null,null,"2.14.3","Cabo de Cobre Isolado 10mm2 - 1KV para Aterramento","M",28,9.17,0.25,11.46,320.88,92980,"SINAPI-C"]
[null,null,null,null,null,null,null,null,null,null,null,null,"2.14.4","Disjuntor Monopolar 32A (fornecimento e instalação)","UN",1,15.42,0.25,19.28,19.28,93657,"SINAPI-C"]
[null,null,null,null,null,null,null,null,null,null,null,null,"2.15","Fiação dos Pontos, Interruptores e Tomadas"]
[null,null,null,null,null,null,null,null,null,null,null,null,"2.15.1","Ponto de Iluminação (Fiação 1,5mm² e Interruptor Simples) novos refletores","UN",15,122.91,0.25,153.64,2304.6,"CEL201","COMPOSIÇÃO"]
[null,null,null,null,null,null,null,null,null,null,null,null,"2.15.2","Ponto de Tomada de Uso Específico (Fiação 4mm² e Tomada 20A 2P+T com Placa) Ar condicionados","un",14,219.7,0.25,274.63,3844.82,"CEL203","COMPOSIÇÃO"]
[null,null,null,null,null,null,null,null,null,null,null,null,"2.16","Luminárias"]
[null,null,null,null,null,null,null,null,null,null,null,null,"2.16.1","Refletor de led 100w  (fornecimento e instalação) ","UN",19,170.49,0.25,213.11,4049.09,"CEL506","COMPOSIÇÃO"]
[null,null,null,null,null,null,null,null,null,null,null,null,"2.17","Eletrocalhas"]
[null,null,null,null,null,null,null,null,null,null,null,null,"2.17.1","Eletrocalha Perfurada tipo U 50mm Chapa 20, incluso Tampa de Pressão Superior e Tala de Emenda (fornecimento e instalação)","M",19,70.6,0.25,88.25,1676.75,"CEL103","COMPOSIÇÃO"]
[null,null,null,null,null,null,null,null,null,null,null,null,"2.17.2","Fixação de Eletrocalha com Ganchos, superior e inferior (fornecimento e instalação)","M",19,9.65,0.25,12.06,229.14,91170,"SINAPI-C"]
[null,null,null,null,null,null,null,null,null,null,null,null,"2.18","Eletroduto"]
[null,null,null,null,null,null,null,null,null,null,null,null,"2.18.1","Eletroduto PVC Rígido 1.1/2\" (fornecimento e instalação)","M",98,18.19,0.25,22.74,2228.52,93008,"SINAPI-C"]
[null,null,null,null,null,null,null,null,null,null,null,null,"2.19","Serviços "]
[null,null,null,null,null,null,null,null,null,null,null,null,"2.19.1","Recolocação do circuito existente para novo quadro de disjuntor","UN",15,310.47,0.25,388.09,5821.35,"CEL507","COMPOSIÇÃO"]
[]
[null,null,null,null,null,null,null,null,null,null,null,null,null,null,null,null,null,null,"TOTAL:",57721.8]
[]
[]
[null,null,null,null,null,null,null,null,null,null,null,null,"Rio do Sul,","2024-04-18"]

{"sheet":"CRONOGRAMA","index":1,"n_rows":12,"n_cols":9,"rows_kept":12,"cut":false,"hidden":false,"merged":[]}
["v"]
[]
[]
[null,"TODOS OS VALORES ESTÃO NA UNIDADE MONETÁRIA REAL"]
[null,"ITEM ","DESCRIÇÃO ","TOTAL","%",1,"%",2,"%"]
[null,null,null,null,null,30,null,60]
[]
[null,1,"ADMINISTRAÇÃO LOCAL",1946.54,0.033722787577657,973.27,0.5,973.27,0.5]
[null,2,"INSTALAÇÕES ELÉTRICAS",55775.26,0.966277212422343,27887.63,0.5,27887.63,0.5]
[]
[null,null,"SUBTOTAL",57721.8,1,28860.9,0.5,28860.9,0.5]
[null,null,"TOTAL ACUMULADO",null,null,28860.9,0.5,57721.8,1]

{"sheet":"BDI","index":2,"n_rows":31,"n_cols":5,"rows_kept":31,"cut":false,"hidden":false,"merged":[[2,1,2,4],[4,1,4,4],[7,1,9,1],[7,3,9,3],[12,1,12,4],[14,1,14,4],[28,1,28,4]]}
[]
[]
[null,"O valor do BDI é obtido pela fórmula e taxas abaixo:"]
[]
[null,"FÓRMULA BDI "]
[]
[]
[null,"BDI ="," (1+AC+S+R+G) (1+DF) (1+L)  ",-1]
[null,null,"_______________________________________            "]
[null,null,"(1-I)"]
[]
[]
[null,"Tipo de Obra:"]
[]
[null,"CONSTRUÇÃO DE EDIFÍCIOS"]
[]
[null,"ONDE (Conforme Acórdão do TCU N°2622/2013):"]
[null,"AC =  Taxa de Administração Central",null,null,0.055]
[null,"S = Taxa de Seguros",null,null,0.005]
[null,"G = Taxa de Garantias",null,null,0.005]
[null,"R = Taxa de Riscos",null,null,0.0127]
[null,"DF = Taxa de Despesas Financeiras",null,null,0.0139]
[null,"L = Taxa de Lucro / Remuneração",null,null,0.06795]
[null,"I = Taxa de Incidência de Impostos",null,null,0.0665]
[null,null,"I1: PIS e COFINS",0.0365]
[null,null,"I2: ISSQN (conforme legislação municipal)",0.03]
[null,null,"∑",0.0665]
[]
[null,"Logo, obtem-se com os dados na fórmula o seguinte resultado:"]
[]
[null,null,0.25]

{"sheet":"ADM","index":3,"n_rows":11,"n_cols":3,"rows_kept":11,"cut":false,"hidden":false,"merged":[[2,1,2,4],[4,1,4,4],[6,1,6,4],[8,1,8,4]]}
[]
[]
[null,"Foi previsto como refência de impacto esperado para os itens associados à Administração Local no Objeto, o seguinte valor percentual inserido no Custo Direto Total do orçamento, conforme Acórdão 2622/2013 do TCU."]
[]
[null,"Tipo de Obra:"]
[]
[null,"Construção de Edifícios"]
[]
[null,"Logo, utilizou-se o seguinte percentual:"]
[]
[null,null,0.0349]

{"sheet":"COMPOSIÇÕES","index":4,"n_rows":69,"n_cols":8,"rows_kept":69,"cut":false,"hidden":false,"merged":[]}
[]
[]
[]
[null,"FONTE","CÓD.","DESCRIÇÃO","UN","COEF.","VALOR UN\n(S/ BDI)","VALOR\n(S/ BDI)"]
[]
[null,"COMPOSIÇÃO","CED001","ADMINISTRAÇÃO LOCAL","UN",null,null,3114.48]
[null,"SINAPI-C",90778,"ENGENHEIRO CIVIL DE OBRA PLENO COM ENCARGOS COMPLEMENTARES","H",2.73,124.04,338.62]
[null,"SINAPI-C",90780,"MESTRE DE OBRAS COM ENCARGOS COMPLEMENTARES","H",27.3,62.98,1719.35]
[null,"SINAPI-C",90776,"ENCARREGADO GERAL COM ENCARGOS COMPLEMENTARES","H",27.3,38.7,1056.51]
[]
[null,"COMPOSIÇÃO","CEL010","Caixa de Passagem 65x41x70 em alvenaria (PADRÃO CELESC) (fornecimento e instalação)","UN    ",null,null,491.38]
[null,"SINAPI-I",7258,"TIJOLO CERAMICO MACICO COMUM *5 X 10 X 20* CM (L X A X C)                                                                                                                                                                                                                                                                                                                                                                                                                                                 ","UN    ",195,0.92,179.4]
[null,"SINAPI-C",87292,"ARGAMASSA TRAÇO 1:2:8 (EM VOLUME DE CIMENTO, CAL E AREIA MÉDIA ÚMIDA) PARA EMBOÇO/MASSA ÚNICA/ASSENTAMENTO DE ALVENARIA DE VEDAÇÃO, PREPARO MECÂNICO COM BETONEIRA 400 L. AF_08/2019","M3",0.0485,626.34,30.37]
[null,"SINAPI-C",87292,"ARGAMASSA TRAÇO 1:2:8 (EM VOLUME DE CIMENTO, CAL E AREIA MÉDIA ÚMIDA) PARA EMBOÇO/MASSA ÚNICA/ASSENTAMENTO DE ALVENARIA DE VEDAÇÃO, PREPARO MECÂNICO COM BETONEIRA 400 L. AF_08/2019","M3",0.0223,626.34,13.96]
[null,"SINAPI-C",88309,"PEDREIRO COM ENCARGOS COMPLEMENTARES","H",5,30.87,154.35]
[null,"SINAPI-C",88316,"SERVENTE COM ENCARGOS COMPLEMENTARES","H",5,22.66,113.3]
[]
[null,"COMPOSIÇÃO","CEL017","Disjuntor de Proteção Contra Raios (DPS), 45KA (fornecimento e instalação)","UN    ",null,null,104.93]
[null,"SINAPI-I",39471,"DISPOSITIVO DPS CLASSE II, 1 POLO, TENSAO MAXIMA DE 275 V, CORRENTE MAXIMA DE *45* KA (TIPO AC)                                                                                                                                                                                                                                                                                                                                                                                                           ","UN    ",1,95.11,95.11]
[null,"SINAPI-C",88264,"ELETRICISTA COM ENCARGOS COMPLEMENTARES","H",0.16,36.56,5.84]
[null,"SINAPI-C",88247,"AUXILIAR DE ELETRICISTA COM ENCARGOS COMPLEMENTARES","H",0.16,24.93,3.98]
[]
[null,"COMPOSIÇÃO","CEL050","CAIXA DE PROTECAO PARA 1 MEDIDOR TRIFASICO, EM CHAPA DE ACO 20 USG (PADRAO DA CONCESSIONARIA LOCAL)                          ","UN    ",null,null,329.4]
[null,"SINAPI-I",367,"AREIA GROSSA - POSTO JAZIDA/FORNECEDOR (RETIRADO NA JAZIDA, SEM TRANSPORTE)                                                                                                                                                                                                                                                                                                                                                                                                                               ","M3    ",0.1,136.76,13.67]
[null,"SINAPI-I",1379,"CIMENTO PORTLAND COMPOSTO CP II-32                                                                                                                                                                                                                                                                                                                                                                                                                                                                        ","KG    ",4.86,0.8,3.88]
[null,"SINAPI-I",39809,"CAIXA PARA MEDIDOR POLIFASICO, EM POLICARBONATO / TERMOPLASTICO, PARA ALOJAR 1 DISJUNTOR (PADRAO DA CONCESSIONARIA LOCAL)                                                                                                                                                                                                                                                                                                                                                                                 ","UN    ",1,240.13,240.13]
[null,"SINAPI-C",88309,"PEDREIRO COM ENCARGOS COMPLEMENTARES","H",1.34,30.87,41.36]
[null,"SINAPI-C",88316,"SERVENTE COM ENCARGOS COMPLEMENTARES","H",1.34,22.66,30.36]
[]
[null,"COMPOSIÇÃO","CEL103","Eletrocalha Perfurada 50mm Chapa 20 (incluso Tampa de Pressão Superior e  Emenda)                                                                                                                                                                                                                                                                                                                                                                                        ","M",null,null,70.6]
[null,"MERCADO","MEL020","ELETROCALHA PERFURADA TIPO C  50X50MM CHAPA 20  (PEÇAS COM 3 METROS)","M",1,31.7833333333333,31.78]
[null,"MERCADO","MEL025","TAMPA PRESSÃO 50MM CHAPA 24            ","M",1,13,13]
[null,"MERCADO","MEL024","TALA PLANA PERFURADA  50MM (EMENDA)  (1 A CADA 3 METROS)","UN ",1,3.21,3.21]
[null,"SINAPI-I",13348,"ARRUELA  EM ACO GALVANIZADO, DIAMETRO EXTERNO = 35MM, ESPESSURA = 3MM, DIAMETRO DO FURO= 18MM                                                                                                                                                                                                                                                                                                                                                                                                             ","UN    ",2.6667,1.79,4.77]
[null,"SINAPI-I",4340,"PORCA ZINCADA, SEXTAVADA, DIAMETRO 5/8\"                                                                                                                                                                                                                                                                                                                                                                                                                                                                   ","UN    ",2.6667,1.52,4.05]
[null,"SINAPI-I",39443,"PARAFUSO DRY WALL, EM ACO ZINCADO, CABECA LENTILHA E PONTA BROCA (LB), LARGURA 4,2 MM, COMPRIMENTO 13 MM                                                                                                                                                                                                                                                                                                                                                                                                  ","UN    ",2.6667,0.31,0.82]
[null,"SINAPI-C",88247,"AUXILIAR DE ELETRICISTA COM ENCARGOS COMPLEMENTARES","H",0.16,24.93,3.98]
[null,"SINAPI-I",392,"ABRACADEIRA EM ACO PARA AMARRACAO DE ELETRODUTOS, TIPO D, COM 1/2\" E PARAFUSO DE FIXACAO                                                                                                                                                                                                                                                                                                                                                                                                                  ","UN    ",0.16,1.05,0.16]
[null,"SINAPI-C",88248,"AUXILIAR DE ENCANADOR OU BOMBEIRO HIDRÁULICO COM ENCARGOS COMPLEMENTARES","H",0.16,23.81,3.8]
[null,"SINAPI-C",88267,"ENCANADOR OU BOMBEIRO HIDRÁULICO COM ENCARGOS COMPLEMENTARES","H",0.16,31.44,5.03]
[]
[null,"COMPOSIÇÃO","CEL201","PONTO DE ILUMINAÇÃO, INCLUINDO INTERRUPTOR SIMPLES, CABO (EXCLUINDO LUMINÁRIA E LÂMPADA)","UN",null,null,122.91]
[null,"SINAPI-C",91924,"CABO DE COBRE FLEXÍVEL ISOLADO, 1,5 MM², ANTI-CHAMA 450/750 V, PARA CIRCUITOS TERMINAIS - FORNECIMENTO E INSTALAÇÃO. AF_03/2023","M",30,2.95,88.5]
[null,"SINAPI-C",91953,"INTERRUPTOR SIMPLES (1 MÓDULO), 10A/250V, INCLUINDO SUPORTE E PLACA - FORNECIMENTO E INSTALAÇÃO. AF_03/2023","UN",1,34.41,34.41]
[]
[null,"COMPOSIÇÃO","CEL203","PONTO DE TOMADA, INCLUINDO SUPORTE, CABO","un",null,null,219.7]
[null,"SINAPI-C",91929,"CABO DE COBRE FLEXÍVEL ISOLADO, 4 MM², ANTI-CHAMA 0,6/1,0 KV, PARA CIRCUITOS TERMINAIS - FORNECIMENTO E INSTALAÇÃO. AF_03/2023","M",30,6.78,203.4]
[null,"SINAPI-C",91945,"SUPORTE PARAFUSADO COM PLACA DE ENCAIXE 4\" X 2\" ALTO (2,00 M DO PISO) PARA PONTO ELÉTRICO - FORNECIMENTO E INSTALAÇÃO. AF_03/2023","UN",1,16.3,16.3]
[]
[null,"COMPOSIÇÃO","CEL500","ELETRODUTO DE AÇO GALVANIZADO, DN 50 MM (2\"), FORNECIMENTO E INSTALÇÃO","m",null,null,89.5]
[null,"SINAPI-I",7696,"TUBO ACO GALVANIZADO COM COSTURA, CLASSE MEDIA, DN 2\", E = *3,65* MM, PESO *5,10* KG/M (NBR 5580)                                                                                                                                                                                                                                                                                                                                                                                                         ","M     ",1.05,65.3,68.56]
[null,"SINAPI-C",88247,"AUXILIAR DE ELETRICISTA COM ENCARGOS COMPLEMENTARES","H",0.2821,24.93,7.03]
[null,"SINAPI-C",88264,"ELETRICISTA COM ENCARGOS COMPLEMENTARES","H",0.2821,36.56,10.31]
[null,"SINAPI-C",91173,"FIXAÇÃO DE TUBOS VERTICAIS DE PVC ÁGUA, PVC ESGOTO, PVC ÁGUA PLUVIAL, CPVC, PPR, COBRE OU AÇO, DIÂMETROS MENORES OU IGUAIS A 40 MM, COM ABRAÇADEIRA METÁLICA RÍGIDA TIPO U PERFIL 1 1/4\u0094, FIXADA EM PERFILADO EM PAREDE. AF_09/2023_PS","M",1,3.6,3.6]
[]
[null,"COMPOSIÇÃO","CEL506","Refletores de led para arvores ângulo 90° -100 Watts","UN",null,null,170.49]
[null,"MERCADO","MEL506","Refletores de led para arvores ângulo 90° -100 Watts","UN",1,150,150]
[null,"SINAPI-C",88247,"AUXILIAR DE ELETRICISTA COM ENCARGOS COMPLEMENTARES","H",0.333333333333333,24.93,8.31]
[null,"SINAPI-C",88264,"ELETRICISTA COM ENCARGOS COMPLEMENTARES","H",0.333333333333333,36.56,12.18]
[]
[null,"COMPOSIÇÃO","CEL507","Recolocação do circuito existente no novo quadro de disjuntor","UN",null,null,310.47]
[null,"SINAPI-C",88247,"AUXILIAR DE ELETRICISTA COM ENCARGOS COMPLEMENTARES","H",3,24.93,74.79]
[null,"SINAPI-C",88264,"ELETRICISTA COM ENCARGOS COMPLEMENTARES","H",3,36.56,109.68]
[null,"SINAPI-C",91926,"CABO DE COBRE FLEXÍVEL ISOLADO, 2,5 MM², ANTI-CHAMA 450/750 V, PARA CIRCUITOS TERMINAIS - FORNECIMENTO E INSTALAÇÃO. AF_03/2023","M",30,4.2,126]
[]
[null,"COMPOSIÇÃO","CEL508","CABO ALUMINIO MULTIPLEXADO  3F+ NEUTRO 50MM² DE ALUMINIO","m",null,null,52.24]
[null,"MERCADO","MEL003","CABO ALUMINIO MULTIPLEXADO  3F+ NEUTRO 50MM² DE ALUMINIO","M",1,42,42]
[null,"SINAPI-C",88264,"ELETRICISTA COM ENCARGOS COMPLEMENTARES","H",0.166666666666667,36.56,6.09]
[null,"SINAPI-C",88247,"AUXILIAR DE ELETRICISTA COM ENCARGOS COMPLEMENTARES","H",0.166666666666667,24.93,4.15]